Drake Filmography - Statistics

General Stats
  • This quiz has been taken 18 times
    7 since last reset
  • The average score is 3 of 47
Answer Stats
Type Year Name % Correct
TV Show 2001-2008 Degrassi: The Next Generation
100%
Film 2012 Ice Age: Continental Drift
60%
Film 2013 Anchorman 2: The Legend Continues
40%
TV Show 2012 Punk'd
40%
TV Show 2023 Dave
20%
TV Show 2011, 2014, 2016 Saturday Night Live
20%
Award Show 2011 2011 Juno Awards
0%
Award Show 2014 2014 ESPY Awards: Drake vs Blake
0%
Documentary 2017 6ix Rising
0%
Film 2025 Australian Cats: A Eiger's Tale
0%
TV Show 2009 Being Erica
0%
TV Show 2005 Best Friend's Date
0%
TV Show 2009 Beyond the Break
0%
Documentary 2013 Bluegrass Kingdom: The Gospel of Kentucky Basketball
0%
TV Show 2001 Blue Murder
0%
Film 2011 Breakaway
0%
Film 2007 Charlie Bartlett
0%
TV Film 2002 Conviction
0%
TV Film 2008 Degrassi Spring Break Movie
0%
TV Documentary 2010 Drake: Better Than Good Enough
0%
Short Documentary 2016 Drake: Live from Bootsy Bellows
0%
TV Special 2010 Drake: Live from Radio City Music Hall
0%
Short Documentary 2012 Drake Meets NHL All Stars
0%
Documentary 2018 Drake: Rewriting the Rules
0%
Short Documentary 2010 Drake's Road to the Video Music Awards
0%
Short Film 2012 Grimey
0%
Short Documentary 2016 Growing Up Drake
0%
TV Show 2005 Instant Star
0%
Film 2005 Jay and Silent Bob Do Degrassi
0%
Short Film 2004 Jew Jube Lives
0%
TV Show 2010 Jimmy Kimmel Live!
0%
TV Show 2023 Joshua
0%
Web Special 2021 Kanye with Special Guest Drake: Free Larry Hoover Benefit Concert
0%
Short Film 2008 Mookie's Law
0%
Short Film 2012 My Name Is Syn
0%
Short Documentary 2019 Remember Me, Toronto
0%
TV Show 2009 Sophie
0%
TV Show 2002 Soul Food
0%
Commercial 2021 State Farm
0%
TV Show 2008 The Border
0%
TV Documentary 2017 The Carter Effect
0%
TV Show 2018 The Egos
0%
Web Series 2011 The LeBrons
0%
TV Show 2018 The Shop
0%
Film 2014 Think Like a Man Too
0%
Commercial 2016 T-Mobile
0%
Web Series 2023 Turtle Man and DaPhantom
0%
No matching quizzes found
Score Distribution
Percent of People with Each Score
Percentile by Number Answered
Your Score History
You have not taken this quiz since the last reset